Aportes a la jurisprudencia constitucional Treinta aǫs en la defensa de la Constitucin̤ y la promocin̤ de los derechos humanos /

Bibliographic Details
Main Author: Ospina, Juan
Other Authors: Garca̕, Liliana
Format: eBook
Language:Spanish
Published: Bogot:̀ Comisin̤ Colombiana de Juristas, 2018
Subjects:
Online Access:Acceso restringido

MARC

LEADER 00000nam a22000007a 4500
005 2020030408088.0
007 cr|||| ||||
008 200304s2018 co |||||s|||| 00||0 spa d
020 |a 978-958-9348-85-7 
035 |a 31144 
040 |a vLex 
090 |c 10181  |d 10181 
100 1 |a Ospina, Juan 
245 1 0 |a Aportes a la jurisprudencia constitucional  |h [Recurso electrn̤ico] :  |b Treinta aǫs en la defensa de la Constitucin̤ y la promocin̤ de los derechos humanos /  |c Juan Ospina, Liliana Garca̕ 
256 |a Servicio en ln̕ea 
260 |a Bogot:̀  |b Comisin̤ Colombiana de Juristas,  |c 2018 
300 |a 1 recurso electrn̤ico 
506 1 |a Disponible solo en los productos indicados  |d vLex Global  |d vLex Global (Academic Edition, excluding Law Schools)  |d vLex Global (U.S. Academic Edition, Law Schools)  |d vLex Global (U.S. Academic Edition, excluding Law Schools)  |d vLex Global (Academic Edition, Law Schools) 
650 0 4 |a Derecho Constitucional  |z Colombia 
700 1 |a Garca̕, Liliana 
740 0 |a vLex Libros (Servicio en ln̕ea) 
856 4 0 |u http://vlex.com/source/aportes-jurisprudencia-constitucional-treinta-a-os-defensa-constitucion-promocion-derechos-humanos-31144  |z Acceso restringido 
942 |c BOOK 
999 0 |a Constitutional right